| 000 | 00681nam a2200193Ia 4500 | ||
|---|---|---|---|
| 003 | GCL | ||
| 008 | 140319s9999 xx 000 0 ara d | ||
| 020 | _a4078909960 | ||
| 040 |
_aGCL / _cGCL |
||
| 082 | 0 | 4 |
_a327.117973 _bف ع |
| 100 | 1 | _aفاروق حسن | |
| 245 | 1 | 0 |
_aالعلاقات الدولية بعد احداث الحادى عشر من ستمبر 2001 / _cفاروق حسن |
| 260 |
_aالرياض : _bمركز الملك فيصل |
||
| 300 |
_a60 ص ؛ _c25 سم |
||
| 650 | 0 | 4 | _aالارهاب |
| 650 | 0 | 4 | _aجرائم ضد الانسانية |
| 650 | 0 | 4 | _aالولايات المتحدة الامريكية - العلاقات الخارجية |
| 942 |
_2ddc _cBK |
||
| 999 |
_c7303 _d7303 |
||